000 00731nam a22002295i 4500
001 172150
003 ES-MaACL
005 20250727062618.0
008 090616s1967 sp |||| | spa d
080 _a335(082)
245 0 0 _aSocialismo /
_cprólogo de Joan Raventós [i.e. Reventós] i Carner ; [traducción por Francisco Artau y Antonio Ferrer].
260 _aBarcelona :
_bPentaleu,
_c[1967]
300 _a198 p. ;
_c17 cm.
490 1 _aTextos
650 1 7 _aSocialismo
_2embne
_917147
700 0 _aFerrer, Antonio.
_950408
700 1 _aArtau, Francisco.
_9140725
700 1 _aReventós, Joan (
_d1927-2004)
_9151763
830 0 _aTextos
_9179017
852 _aES-MaACL
_jC-32537
_9R.63145
999 _c172150
_d172150